[Event "ch-RUS w"]
[Site "Samara RUS"]
[Date "2005.05.25"]
[Round "10"]
[White "Kovalevskaya,E"]
[Black "Galliamova,A"]
[Result "1-0"]
[WhiteElo "2469"]
[BlackElo "2469"]

1.e4 c5 2.Nf3 d6 3.Bb5+ Nd7 4.c3 Nf6 5.Qe2 a6 6.Ba4 b5 7.Bc2 c4 8.b3 Qc7
9.O-O Bb7 10.bxc4 bxc4 11.Na3 d5 12.e5 Ne4 13.e6 fxe6 14.Bxe4 dxe4 15.Nd4 Bd5
16.Nxe6 Qe5 17.Nxf8 Nb6 18.Rb1 Rb8 19.Qe3 Qd6 20.Nc2 Rxf8 21.Ba3 Qc7 22.Qg5 Rf7
23.Ne3 Bc6 24.Qc5 Kd7 25.Nxc4 Nxc4 26.Qxc4 Rxb1 27.Rxb1 Rf6 28.Qc5 Ke8 29.Re1 Qd7
30.d3 Rf5 31.Qb4 Qa7 32.d4 Kf7 33.Qb3+ Bd5 34.Qc2 Qc7 35.f3 Qf4 36.fxe4 Bxe4
37.Qe2 e6 38.g3 Qf3 39.Qxe4 Qf2+ 40.Kh1 Qxa2 41.Bd6 Rf2 42.g4 Qc4 43.Kg1 Rf6
44.Be5  1-0

[Event "Summer"]
[Site "Alushta UKR"]
[Date "2005.05.26"]
[Round "2"]
[White "Annaberdiev,Bab"]
[Black "Tukhaev,A"]
[Result "0-1"]
[WhiteElo "2285"]
[BlackElo "2419"]

1.e4 c5 2.Nf3 d6 3.Bb5+ Nc6 4.h3 e5 5.O-O Nf6 6.c3 Qb6 7.Na3 Bd7 8.d3 Be7
9.Bg5 h6 10.Be3 O-O 11.Qd2 Qc7 12.Bc4 Na5 13.Bd5 Nxd5 14.exd5 b5 15.Nh2 f5
16.f4 Bf6 17.Nf3 Nb7 18.d4 cxd4 19.cxd4 e4 20.Rac1 Qa5 21.Qxa5 Nxa5 22.Nd2 Rfc8
23.b3 a6 24.g4 g6 25.Rfd1 Be8 26.Nf1 fxg4 27.Ng3 gxh3 28.Nxe4 Be7 29.Kh2 Bf7
30.Rg1 Kh7 31.Nc2 Bxd5 32.Nf2 Nc6 33.Ng4 Be4 34.Nf2 Bxc2 35.Rxc2 Nb4 36.Re2 Rc2
37.Rge1 Rxe2 38.Rxe2 Nd5 39.Kxh3 Rc8 40.Ne4 Kg7 41.Kg3 Kf7 42.Kf3 Nf6 43.Rh2 Bf8
44.a4 Nxe4 45.Kxe4 Rc3 46.axb5 axb5 47.d5 Rxb3 48.Ra2 Be7 49.Ra7 Rb4+ 50.Bd4 h5
51.Kd3 h4 52.Bf2 Rxf4 53.Ke3 g5  0-1

[Event "TCh-ROM A"]
[Site "Tusnad ROM"]
[Date "2005.05.26"]
[Round "6"]
[White "Toma,A"]
[Black "Ardelean,G"]
[Result "1/2-1/2"]
[WhiteElo "2249"]
[BlackElo "2447"]

1.e4 c5 2.Nf3 d6 3.Bb5+ Bd7 4.Bxd7+ Qxd7 5.c4 Nc6 6.O-O g6 7.d4 cxd4 8.Nxd4 Bg7
9.Ne2 Nf6 10.Nbc3 O-O 11.Be3 a6 12.Rc1 b5 13.Nd5 Rae8 14.f3 Ne5 15.cxb5 Nxd5
16.Qxd5 axb5 17.b3 Ra8 18.Nc3 Rfb8 19.Qd2 e6 20.Rfd1 Ra6 21.Rc2 Rc8 22.Rdc1 f5
23.Qe2 Rac6 24.Nd1 fxe4 25.fxe4 Qb7 26.Nf2 h5 27.h3 Kh7 28.Kh1 R8c7 29.Bf4 Qa6
30.Nd3 b4 31.Bxe5 Bxe5 32.Rxc6 Rxc6 33.Rxc6 Qxc6 34.Nxe5 Qc1+ 35.Kh2 Qf4+
36.Kh1 Qxe5 37.Qc4 Qa1+ 38.Kh2 Qe5+ 39.Kh1 Qa1+  1/2-1/2

[Event "TCh-ROM A"]
[Site "Tusnad ROM"]
[Date "2005.05.26"]
[Round "6"]
[White "Itkis,B"]
[Black "Lupulescu,C"]
[Result "1/2-1/2"]
[WhiteElo "2485"]
[BlackElo "2546"]

1.e4 c5 2.Nf3 d6 3.Bb5+ Nd7 4.O-O Nf6 5.Re1 a6 6.Bf1 b6 7.d4 cxd4 8.Nxd4 Bb7
9.c4 e6 10.Nc3 Be7 11.f3 O-O 12.Be3 Rc8 13.Rc1 Qc7 14.Kh1 Qb8 15.Qd2 Rfd8
16.Qf2 Ba8 17.Red1 Ne5 18.Na4 Nfd7 19.b4 Re8 20.a3 Bd8 21.Nb2 Nf6 22.Qd2 Be7
23.Bg1 Rcd8 24.Qc3 Rc8 25.Rb1 Bd8 26.Qd2 Be7 27.Rdc1 Rc7 28.Nb3 Nfd7 29.a4 Rf8
30.Be3 Rcc8 31.Nd1 Qc7 32.Nf2 Rcd8 33.a5 bxa5 34.Nxa5 f5 35.exf5 Rxf5 36.f4 Nc6
37.Bd3 Rff8 38.Nxc6 Bxc6 39.Be4 Nf6 40.Bxc6 Qxc6 41.Kg1 Rfe8 42.Bd4 Nd7 43.Qe2  1/2-1/2

[Event "TCh-ROM A"]
[Site "Tusnad ROM"]
[Date "2005.05.27"]
[Round "7"]
[White "Sasu Ducsoara,An"]
[Black "Motoc,A"]
[Result "1/2-1/2"]
[WhiteElo "2216"]
[BlackElo "2270"]

1.e4 c5 2.Nf3 d6 3.Bb5+ Bd7 4.Bxd7+ Qxd7 5.c4 Nc6 6.Nc3 Nf6 7.O-O e6 8.d4 cxd4
9.Nxd4 Be7 10.Be3 O-O 11.Rc1 Rfd8 12.f4 Nxd4 13.Bxd4 Qc6 14.Qe2 Rac8 15.b3 b6
16.f5 Re8 17.fxe6 fxe6 18.e5 dxe5 19.Bxe5 Nd7 20.Bg3 a6 21.Ne4 Nc5 22.Nxc5 Bxc5+
23.Bf2 e5 24.Bxc5 Qxc5+ 25.Qf2 e4 26.Qxc5 Rxc5 27.Kf2 Rh5 28.Rh1 e3+ 29.Ke2 Rf8
30.Rc2 Rf2+ 31.Kd3 Rxc2 32.Kxc2 Rf5 33.Kd3 Rf2 34.Kxe3 Rxg2 35.b4 Rxa2 36.Kd4 Kf7
37.Kd5 Ke7 38.Kc6 Rb2 39.b5 axb5 40.cxb5 Kd8 41.Kxb6 g5 42.h4 g4 43.Rd1+ Kc8
44.Rd4 g3 45.Rc4+ Kd8 46.Rg4 g2 47.Kc6 Rc2+ 48.Kb7 Ke7 49.b6 Kf6 50.Ka7 Kf5
51.Rg5+ Ke4 52.b7 Kf3 53.b8=Q Ra2+ 54.Kb6 Rb2+ 55.Kc7 Rxb8 56.Kxb8 Kf2 57.Kc7 h6
58.Rg6 g1=Q 59.Rxg1 Kxg1 60.Kd6 Kg2  1/2-1/2

[Event "Cup Belarus"]
[Site "Minsk BLR"]
[Date "2005.05.28"]
[Round "11"]
[White "Ginzburg,Mi"]
[Black "Aliavdin,N"]
[Result "1-0"]
[WhiteElo "2329"]
[BlackElo "2326"]

1.e4 c5 2.Nf3 d6 3.Bb5+ Nd7 4.O-O Nf6 5.Re1 e6 6.c3 Be7 7.d4 cxd4 8.cxd4 d5
9.e5 Ne4 10.Nbd2 Nxd2 11.Bxd2 Qb6 12.Qb3 O-O 13.Rec1 Nb8 14.Rc2 Nc6 15.Bxc6 Qxb3
16.axb3 bxc6 17.Rxc6 Bd8 18.Ba5 Bb7 19.Rc3 Bb6 20.h4 h6 21.b4 Rac8 22.Bxb6 axb6
23.Ra7 Rxc3 24.bxc3 Bc6 25.Kf1 Bb5+ 26.Ke1 Rb8 27.Kd2 Bf1 28.g3 Bc4 29.Ne1 Bb5
30.Ng2 Bf1 31.Ne3 Bb5 32.f4 Bc6 33.f5 Kf8 34.fxe6 fxe6 35.Ng2 Be8 36.Nf4 Bf7
37.h5 b5 38.g4 Rb6 39.Ra8+ Ke7 40.Ng6+ Bxg6 41.hxg6 Rc6 42.Kc2  1-0

[Event "TCh-ROM A"]
[Site "Tusnad ROM"]
[Date "2005.05.28"]
[Round "8"]
[White "Petrenko,S"]
[Black "Sasu Ducsoara,An"]
[Result "0-1"]
[WhiteElo "2348"]
[BlackElo "2216"]

1.e4 c5 2.Nf3 d6 3.Bb5+ Nd7 4.c4 Nf6 5.Nc3 g6 6.Nd5 Bg7 7.O-O O-O 8.Re1 a6
9.Bxd7 Nxd7 10.d3 b5 11.Bg5 f6 12.Bd2 e6 13.Nf4 Ne5 14.cxb5 axb5 15.Be3 Nc6
16.Qb3 Qd7 17.a3 Rb8 18.d4 c4 19.Qc2 d5 20.Bd2 Qf7 21.b3 g5 22.Ne2 g4 23.Nh4 f5
24.exd5 Nxd4 25.Nxd4 Bxd4 26.Bf4 e5 27.Bxe5 Bxe5 28.Rxe5 Qf6 29.Rae1 Qxh4
30.bxc4 bxc4 31.Qxc4 Bd7 32.d6+ Kh8 33.Re7 Bb5 34.Qf4 Qf6 35.a4 Bd3 36.a5 Rfd8
37.d7 Qxe7  0-1

[Event "24th OCF NthAmOp"]
[Site "Stillwater USA"]
[Date "2005.05.29"]
[Round "6"]
[White "Movsisyan,M"]
[Black "Brooks,M"]
[Result "1/2-1/2"]
[WhiteElo "2300"]
[BlackElo "2501"]

1.e4 c5 2.Nf3 d6 3.Bb5+ Bd7 4.Bxd7+ Qxd7 5.O-O Nf6 6.Re1 e6 7.c3 Nc6 8.d4 cxd4
9.cxd4 d5 10.e5 Ne4 11.Nbd2 Nxd2 12.Bxd2 Be7 13.Bg5 h6 14.Bxe7 Nxe7 15.Rc1 O-O
16.Re3 Rac8 17.Rec3 Rxc3 18.Rxc3 Rc8 19.Qc2 Rxc3 20.Qxc3 Qa4 21.h3 Qxa2 22.Qc7 Nc6
23.Qc8+ Kh7 24.Qxb7 Qa4 25.Qxf7 Nxd4 26.Nxd4 Qd1+ 27.Kh2 Qxd4 28.Qxe6 Qf4+  1/2-1/2

[Event "TCh-ROM A"]
[Site "Tusnad ROM"]
[Date "2005.05.29"]
[Round "9"]
[White "Negulescu,Ad"]
[Black "Sarkozi,F"]
[Result "1-0"]
[WhiteElo "2421"]
[BlackElo "1980"]

1.e4 c5 2.Nf3 d6 3.Bb5+ Bd7 4.Bxd7+ Nxd7 5.O-O Ngf6 6.Re1 Qc7 7.c3 e5 8.d4 cxd4
9.cxd4 Be7 10.Nc3 a6 11.Be3 O-O 12.Rc1 Qb8 13.Qb3 b5 14.a3 Re8 15.h3 Qb7
16.Bg5 exd4 17.Nxd4 h6 18.Bxf6 Nxf6 19.Nf5 Bf8 20.f3 Re5 21.Ne3 Rc5 22.Ncd5 Nd7
23.Qa2 Rac8 24.Qb1 Qc6 25.Rcd1 Ne5 26.b4 Rc4 27.Nxc4 bxc4 28.Qc2 Qb7 29.Qc3 g5
30.Re2 Bg7 31.Qe3 c3 32.Qb6 Qd7 33.Qxa6 c2 34.Rc1 Rc6 35.Qa8+ Kh7 36.Rexc2 Nxf3+
37.Kf2 Rxc2+ 38.Rxc2 Nd4 39.Qc8 Qa7 40.Qc7 Qxa3 41.Qxf7  1-0

[Event "Memorial Day Classic"]
[Site "Los Angeles USA"]
[Date "2005.05.30"]
[Round "6"]
[White "Peters,Joh"]
[Black "Matikozian,A"]
[Result "1/2-1/2"]
[WhiteElo "2430"]
[BlackElo "2515"]

1.e4 c5 2.Nf3 d6 3.Bb5+ Bd7 4.Bxd7+ Qxd7 5.O-O Nf6 6.e5 dxe5 7.Nxe5 Qc8 8.Na3 Nc6
9.Nac4 e6 10.c3 Be7 11.Qa4 O-O 12.Nxc6 Qxc6 13.Qxc6 bxc6 14.d3 Rfd8 15.Rd1 Nd5
16.Kf1 Rab8 17.Ke2 Rb5 18.Bd2 f6 19.Re1 Nb6 20.a4 Rb3 21.Na5 Rxb2 22.Nxc6 Rd7
23.a5 Nc4 24.Red1 Nxd2 25.Rxd2 Rb3 26.Nxe7+ Rxe7 27.Rc2 a6 28.Ra4  1/2-1/2

[Event "14th CRO-Cup"]
[Site "Sibenik CRO"]
[Date "2005.05.31"]
[Round "2"]
[White "Lacmanovic,S"]
[Black "Kutuzovic,B"]
[Result "0-1"]
[WhiteElo "2123"]
[BlackElo "2364"]

1.e4 c5 2.Nf3 d6 3.Bb5+ Nd7 4.O-O Nf6 5.e5 dxe5 6.Nxe5 a6 7.Nxd7 Bxd7 8.Bxd7+ Qxd7
9.Qf3 e6 10.d3 Qd5 11.Qxd5 Nxd5 12.Nc3 Nb4 13.Be3 Nxc2 14.Rac1 Nb4 15.Rfd1 Rd8
16.Na4 Nxa2 17.Ra1 Nb4 18.Nxc5 Bxc5 19.Bxc5 Nxd3 20.Bb6 Rd6 21.Rac1 Nxc1
22.Rxd6 Ke7 23.Bc5 Rc8 24.Ba3 Ke8 25.Kf1 Rd8 26.Rxd8+ Kxd8 27.Ke1 Nd3+ 28.Ke2 Nf4+
29.Kf3 Nd5 30.Ke4 Kd7 31.f4 b5 32.Bc5 a5 33.f5 Nf6+ 34.Kf4 exf5 35.Kxf5 Kc6
36.Bf8 Ne8 37.Be7 Kd5 38.Kf4 Kc4 39.Bd8 a4 40.Bb6 b4 41.Ke3 Kb3 42.Bd4 Kc2
43.g4 a3 44.bxa3 bxa3 45.Ke4 a2 46.g5 Kb1 47.Kd5 a1=Q 48.Bxa1 Kxa1 49.Kc6 f5
50.gxf6 gxf6 51.h4 h5 52.Kd5 Ng7  0-1

[Event "69th ch-BUL"]
[Site "Pleven BUL"]
[Date "2005.06.02"]
[Round "12"]
[White "Bojkov,D"]
[Black "Rusev,K"]
[Result "1/2-1/2"]
[WhiteElo "2509"]
[BlackElo "2427"]

1.e4 c5 2.Nf3 d6 3.Bb5+ Bd7 4.Bxd7+ Qxd7 5.c4 Nf6 6.Nc3 Nc6 7.O-O e6 8.d4 cxd4
9.Nxd4 Be7 10.b3 O-O 11.Bb2 a6  1/2-1/2

[Event "TCh-IRI"]
[Site "Tehran IRI"]
[Date "2005.06.09"]
[Round "3"]
[White "Soozankar,A"]
[Black "Ryahi,N"]
[Result "1/2-1/2"]
[WhiteElo "2273"]
[BlackElo "2269"]

1.e4 c5 2.Nf3 d6 3.Bb5+ Bd7 4.Bxd7+ Nxd7 5.O-O Ngf6 6.Re1 e6 7.c3 Be7 8.d4 O-O
9.h3 cxd4 10.cxd4 Rc8 11.Nc3 Nb6 12.Qd3 d5 13.e5 Nfd7 14.b3 Nb8 15.Bb2 Nc6
16.Rac1 a6 17.Kh1 Rc7 18.Nd2 Nb4 19.Qe2 Qd7 20.f4 f5 21.exf6 Rxf6 22.a3 Nc6
23.Qe3 Bd6 24.Ne2 Ne7 25.Nf3 Nf5 26.Qd3 Rh6 27.g4 Ne7 28.Ne5 Qe8 29.Kg2 Ng6
30.Nxg6 Rxg6 31.f5 Rxc1 32.Nxc1 Rh6 33.Qe3 Nc8 34.Nd3 Ne7 35.Nc5 exf5 36.Nxb7 fxg4
37.Nxd6 gxh3+ 38.Qxh3 Qg6+ 39.Qg3 Qc2+ 40.Kf3 Rf6+ 41.Nf5 Rxf5+ 42.Kg4 h5+
43.Kh3 Ng6 44.Bc1 Qc8 45.Kh2 Kh7 46.Rg1 Qe6 47.Bg5 Qe4 48.Bd8 Rf3 49.Qg5 Rf2+
50.Rg2 Rxg2+ 51.Qxg2 Qxd4 52.Qe2 Nf4 53.Qc2+ Nd3 54.Bb6 Qh4+ 55.Kg2 Qe4+
56.Kh2 Ne5 57.Qxe4+ dxe4 58.a4 g5 59.b4 Nc6 60.b5 axb5  1/2-1/2

[Event "National Open"]
[Site "Las Vegas USA"]
[Date "2005.06.10"]
[Round "2"]
[White "Chase,C"]
[Black "Gurevich,D"]
[Result "0-1"]
[WhiteElo "2330"]
[BlackElo "2515"]

1.e4 c5 2.Nf3 d6 3.Bb5+ Bd7 4.Bxd7+ Qxd7 5.O-O Nc6 6.c3 Nf6 7.d4 cxd4 8.cxd4 d5
9.exd5 Nxd5 10.Nc3 e6 11.Re1 Be7 12.Ne4 O-O 13.Bg5 f6 14.Bd2 b6 15.Rc1 Rac8
16.a3 Rfe8 17.Qb3 Bf8 18.Qd3 Nce7 19.Rcd1 Nf5 20.g4 Nd6 21.Nxd6 Bxd6 22.Re4 Bb8
23.Rde1 Qc6 24.Qe2 Kf7 25.Qf1 Qd7 26.Qh3 Kg8 27.g5 f5 28.g6 h6 29.Rh4 Nf6
30.Ng5 Ng4 31.Nf3 e5 32.dxe5 Rc6 33.Ng5 Rxg6 34.Qb3+ Kh8 35.Nf7+ Kh7 36.Ng5+ Rxg5
37.Bxg5 Nxe5 38.Rd1 Qc6 39.Rh3 Qg6 40.f4 Ng4 41.Kf1 Qc6 42.Qd5 Qxd5 43.Rxd5 Ne3+
44.Rxe3 Rxe3 45.Bh4 Bxf4 46.Rxf5 Bxh2 47.Rf7 Re4  0-1

[Event "Open"]
[Site "Mielo POL"]
[Date "2005.06.11"]
[Round "2"]
[White "Korosciel,A"]
[Black "Szymczak,Z"]
[Result "1-0"]
[WhiteElo "2074"]
[BlackElo "2315"]

1.e4 c5 2.Nf3 d6 3.Bb5+ Nd7 4.c3 Nf6 5.Qe2 a6 6.Ba4 e6 7.O-O Be7 8.d4 O-O
9.Rd1 b5 10.Bc2 Bb7 11.Bg5 Ne8 12.Bxe7 Qxe7 13.Nbd2 Nc7 14.e5 Bxf3 15.Nxf3 d5
16.dxc5 Nxc5 17.Nd4 f6 18.f4 fxe5 19.fxe5 Rf7 20.b4 Nd7 21.a4 bxa4 22.Bxa4 Raf8
23.Nf3 Nb6 24.Bb3 Nb5 25.Qe3 Qb7 26.Ng5 Re7 27.Qh3 h6 28.Nxe6 Rfe8 29.Nc5 Qc7
30.e6 Qe5 31.Rd3 Nc7 32.Re3 Qd6 33.Rae1 Nc4 34.Bxc4 dxc4 35.Qg4 Nd5 36.Rf3 a5
37.Qxc4 axb4 38.cxb4 Nf6 39.Nd7 Nh7 40.Rd3  1-0

[Event "TCh-BIH Prem"]
[Site "Neum BIH"]
[Date "2005.06.11"]
[Round "8"]
[White "Cabrilo,G"]
[Black "Hodzic,N"]
[Result "1-0"]
[WhiteElo "2469"]
[BlackElo "2252"]

1.e4 c5 2.Nf3 d6 3.Bb5+ Bd7 4.Bxd7+ Qxd7 5.O-O Nc6 6.c3 Nf6 7.d4 Nxe4 8.d5 Ne5
9.Re1 Nxf3+ 10.Qxf3 Nf6 11.c4 e5 12.dxe6 fxe6 13.Nc3 Be7 14.Bg5 O-O 15.Qh3 h6
16.Bh4 Nh7 17.Bxe7 Qxe7 18.Qxe6+ Qxe6 19.Rxe6 Rf6 20.Re2 Rf4 21.b3 Rd4 22.Re7 Rb8
23.Rae1 Nf6 24.h3 a6 25.a4 Rd3 26.Ne4 Nxe4 27.R1xe4 Rxb3 28.Rg4 g5 29.f4 b5
30.axb5 axb5 31.cxb5 R3xb5 32.fxg5 hxg5 33.Rxg5+ Kh8 34.Re6 R5b7 35.Rxd6 Rc8
36.Rd3 c4 37.Rc3 Kh7 38.Rg4 Rbc7 39.Kf2 Rf7+ 40.Kg1 Rfc7 41.Kh2 Kh8 42.h4 Kh7
43.Kh3 Rc5 44.Re4 R8c7 45.g4 Kg7 46.g5 Kh7 47.Kg4 Kg7 48.h5 Kh7 49.h6 Kg6
50.Re6+ Kh7 51.Kh5 Rd5 52.Rce3 Rdc5 53.Re7+ Rxe7 54.Rxe7+ Kh8 55.h7 c3 56.Kh6  1-0

[Event "6th ch-EURw"]
[Site "Chisinau MDA"]
[Date "2005.06.12"]
[Round "2"]
[White "Cinar Corlulu,N"]
[Black "Czarnota,D"]
[Result "0-1"]
[WhiteElo "2037"]
[BlackElo "2244"]

1.e4 c5 2.Nf3 d6 3.Bb5+ Bd7 4.Bxd7+ Qxd7 5.c4 g6 6.d4 cxd4 7.Nxd4 Bg7 8.Nc3 Nf6
9.O-O O-O 10.f3 Rc8 11.b3 d5 12.exd5 Nxd5 13.Nce2 Nc3 14.Nxc3 Qxd4+ 15.Kh1 Qxd1
16.Rxd1 Bxc3 17.Rb1 Nc6 18.Bh6 Rd8  0-1

[Event "6th ch-EURw"]
[Site "Chisinau MDA"]
[Date "2005.06.12"]
[Round "2"]
[White "Bulmaga,I"]
[Black "Doluhanova,E"]
[Result "1-0"]
[WhiteElo "2046"]
[BlackElo "2251"]

1.e4 c5 2.Nf3 d6 3.Bb5+ Bd7 4.Bxd7+ Qxd7 5.O-O Nc6 6.Qe2 Nf6 7.c3 e5 8.Rd1 Be7
9.h3 O-O 10.d4 cxd4 11.cxd4 exd4 12.Nxd4 Rfe8 13.Nc3 a6 14.Nxc6 Qxc6 15.Qd3 Bf8
16.f3 Rac8 17.Kh1 Qb6 18.Qe3 Qa5 19.Bd2 Qe5 20.Qg5 Qe6 21.Bf4 Rc5 22.Qg3 Nh5
23.Qh2 Nxf4 24.Qxf4 Qe5 25.Qxe5 dxe5 26.Rd7 b5 27.Rad1 f6 28.Ra7 Rc6 29.Rdd7 h5
30.Rdc7 Rxc7 31.Rxc7 Re6 32.Nd5 a5 33.Kg1 b4 34.Kf1 Ra6 35.Ke2 a4 36.Rb7 a3
37.b3 Rc6 38.Rc7 Rxc7 39.Nxc7 Kf7 40.Kd3 g5 41.Kc4 h4 42.Nd5 Ke6 43.Nxb4 f5
44.Nd3 Bd6 45.b4 Kf6 46.Kb3 g4 47.Kxa3 fxe4 48.fxe4  1-0

[Event "National Open Blitz Playoff"]
[Site "Las Vegas USA"]
[Date "2005.06.12"]
[Round "1.2"]
[White "De Firmian,N"]
[Black "Gurevich,D"]
[Result "0-1"]
[WhiteElo "2549"]
[BlackElo "2515"]

1.e4 c5 2.Nf3 d6 3.Bb5+ Bd7 4.Bxd7+ Qxd7 5.O-O Nc6 6.c4 Nf6 7.Nc3 e6 8.d4 cxd4
9.Nxd4 Be7 10.h3 O-O 11.Be3 Rac8 12.b3 Rfd8 13.Rc1 b6 14.Qe2 Qb7 15.Nxc6 Qxc6
16.Qd3 Qb7 17.Rfd1 a6 18.a4 h6 19.Bd4 Nd7 20.Qg3 Bf8 21.f3 Nc5 22.Rb1 Kh7
23.Kh1 Nd7 24.Qf2 Qc6 25.Qd2 Kg8 26.Qe1 Qb7 27.Qf2 Nc5 28.Be3 Nd7 29.Qg3 Kh7
30.Qh4 Ne5 31.Rd2 Ng6 32.Qf2 Rb8 33.Rbd1 Be7 34.f4 Bh4 35.Qf3 Bf6 36.Rd3 Qc6
37.Bd4 e5 38.Be3 exf4 39.Bxf4 Nxf4 40.Qxf4 Bxc3 41.Rxc3 Kg8 42.Rcd3 Re8 43.Rxd6 Qxe4
44.Qxe4 Rxe4 45.Rd8+ Rxd8 46.Rxd8+ Kh7 47.Rd6 b5 48.cxb5 axb5 49.axb5 Rb4
50.b6 Rxb3 51.Kg1 h5 52.h4 Rb4 53.g3 Rb2 54.Kf1 f6 55.Rc6 Kg6 56.Kg1 Kf5
57.Rc4 Rxb6 58.Kg2 Rb2+ 59.Kf3 Rb3+ 60.Kf2 Rb5 61.Ra4 Re5 62.Rc4 Re4 63.Rc7 g6
64.Kf3 Re5 65.Rc4 Ra5 66.Rb4 Ra3+ 67.Kf2 Rd3 68.Kg2 Re3 69.Kf2 Re4 70.Rb6 Re6
71.Rb4 Re4 72.Rb6 Re5 73.Kf3 Ra5 74.Rc6 Ra3+ 75.Kg2 g5 76.hxg5 fxg5 77.Rc4 Ra5
78.Kf2 Re5 79.Rb4 Re4 80.Rb3 Kg4 81.Rb2 Rd4 82.Ra2 Rd5 83.Rb2 Re5 84.Ra2  0-1

[Event "Open"]
[Site "Voronezh RUS"]
[Date "2005.06.12"]
[Round "1"]
[White "Salinnikov,D"]
[Black "Avdeeva,V"]
[Result "1-0"]
[WhiteElo "2401"]
[BlackElo "2137"]

1.e4 c5 2.Nf3 d6 3.Bb5+ Bd7 4.Bxd7+ Qxd7 5.O-O Nc6 6.c3 e6 7.d4 Nf6 8.d5 Nb8
9.dxe6 fxe6 10.e5 dxe5 11.Nxe5 Qxd1 12.Rxd1 Be7 13.Nd2 O-O 14.Ndf3 Na6 15.Bg5 Rad8
16.Nc4 b6 17.Nce5 Nb8 18.Re1 Rfe8 19.Re2 Nd5 20.Bxe7 Rxe7 21.Rd1 Ree8 22.Rde1 Nc7
23.g3 b5 24.Kg2 Rd6 25.Ng5 Rd5 26.f4 c4 27.Nef3 h6 28.Nxe6 Rxe6 29.Rxe6 Nxe6
30.Rxe6 Kf7 31.Re5 Rxe5 32.Nxe5+ Ke6 33.Kf3 Kd5 34.Ke3 Na6 35.Ng6 Nc5 36.Ne7+ Ke6
37.Nc6 a6 38.Kd4 Na4 39.b3 cxb3 40.axb3 Nb6 41.c4 bxc4 42.bxc4 Nd7 43.c5 Nf6
44.Ne5 a5 45.Kc4 g5 46.Kb5 gxf4 47.gxf4 Kf5 48.Nd3 Ke4 49.Kxa5 Nd5 50.c6 Kf5
51.Ka6 Ke6 52.Kb7 Kd6 53.Ne5 h5 54.Nc4+ Kc5 55.f5 Ne7 56.c7  1-0

[Event "Open"]
[Site "Voronezh RUS"]
[Date "2005.06.13"]
[Round "2"]
[White "Chebotarev,O"]
[Black "Yandarbiev,R"]
[Result "1-0"]
[WhiteElo "2480"]
[BlackElo "2409"]

1.e4 c5 2.Nf3 d6 3.Bb5+ Nc6 4.O-O Bd7 5.Re1 Nf6 6.c3 a6 7.Bf1 Bg4 8.d3 e6
9.Nbd2 Be7 10.h3 Bh5 11.g4 Bg6 12.Nh4 Nd7 13.Ng2 e5 14.f4 exf4 15.Nf3 Nde5
16.Nxf4 O-O 17.Be3 Nxf3+ 18.Qxf3 Bg5 19.Bg2 Ne5 20.Qe2 Rc8 21.b3 Nc6 22.Rad1 b5
23.a3 Qa5 24.Qb2 Qd8 25.Rf1 a5 26.b4 axb4 27.axb4 cxb4 28.cxb4 Ne5 29.Kh1 Bxf4
30.Bxf4 f6 31.g5 Qc7 32.gxf6 gxf6 33.Bh6 Rf7 34.Rc1 Qd7 35.Rxc8+ Qxc8 36.Qd4 Qb8
37.Qd5 Kh8 38.Ra1 Rb7 39.Qe6 Qd8 40.Rf1 Rf7 41.Ra1 Rc7 42.Qxf6+  1-0

[Event "Open"]
[Site "Voronezh RUS"]
[Date "2005.06.13"]
[Round "2"]
[White "Alavkin,A"]
[Black "Arakelov,I"]
[Result "0-1"]
[WhiteElo "2501"]
[BlackElo "2417"]

1.e4 c5 2.Nf3 d6 3.Bb5+ Bd7 4.Bxd7+ Qxd7 5.O-O Nc6 6.c3 Nf6 7.Re1 e6 8.d3 Be7
9.Nbd2 O-O 10.Nf1 Ne5 11.Bg5 Nxf3+ 12.Qxf3 Ne8 13.Bxe7 Qxe7 14.d4 cxd4 15.cxd4 Nf6
16.Qa3 Rfc8 17.e5 Nd5 18.exd6 Qd7 19.Nd2 Rc6 20.Ne4 b6 21.Qd3 h6 22.Rac1 Rac8
23.Rxc6 Rxc6 24.g4 Nf6 25.Nxf6+ gxf6 26.d5 exd5 27.Qxd5 Rxd6 28.Qf3 Kg7 29.h3 Rd3
30.Re3 Rd1+ 31.Kg2 Rd2 32.Re2 Rxe2 33.Qxe2 Qd5+ 34.Kg3 Qxa2 35.f4 Qd5 36.Qc2 Qd4
37.Kf3 b5 38.h4 a5 39.g5 hxg5 40.hxg5 fxg5 41.f5 a4 42.Kg3 Qc4 43.Qb1 Kf6
44.Qd1 Qb3+  0-1

[Event "St Petersburg vs Moscow"]
[Site "St Petersburg RUS"]
[Date "2005.06.14"]
[Round "1"]
[White "Silivanov,S"]
[Black "Vulfson,V"]
[Result "1-0"]
[WhiteElo "2368"]
[BlackElo "2426"]

1.e4 c5 2.Nf3 d6 3.Bb5+ Bd7 4.Bxd7+ Qxd7 5.O-O Nc6 6.d4 cxd4 7.Nxd4 g6 8.Nc3 Bg7
9.Be3 Nf6 10.f3 O-O 11.Qd2 Rfc8 12.Rad1 Nxd4 13.Bxd4 Rc4 14.Ne2 b5 15.c3 Qb7
16.Kh1 Rac8 17.Rc1 e5 18.Bg1 d5 19.exd5 Nxd5 20.Rcd1 Nb6 21.f4 Bh6 22.Qd3 Qe4
23.fxe5 Qxd3 24.Rxd3 Re4 25.Ng3 Rxe5 26.Bxb6 axb6 27.Rd6 Be3 28.Rdf6 Rc7
29.Ne2 Rd7 30.Ng1 Kg7 31.Rc6 Bxg1 32.Rxg1 Re6 33.Rxe6 fxe6 34.Rb1 Rd2 35.Kg1 e5
36.a3 h5 37.b3 Ra2 38.a4 Rc2  1-0

[Event "Open"]
[Site "Voronezh RUS"]
[Date "2005.06.14"]
[Round "3"]
[White "Kostin,Alexe"]
[Black "Zakhartsov,V"]
[Result "0-1"]
[WhiteElo "2388"]
[BlackElo "2518"]

1.e4 c5 2.Nf3 d6 3.Bb5+ Nd7 4.O-O Nf6 5.d4 cxd4 6.Qxd4 a6 7.Bxd7+ Nxd7 8.b3 Qc7
9.c4 e6 10.Bb2 Nf6 11.Rd1 e5 12.Qd3 Be7 13.Nc3 O-O 14.Rac1 Be6 15.a4 Qb6
16.Nd2 Ng4 17.Qg3 Bg5 18.Nd5 Qd8 19.f4 Bh4 20.Qf3 Bf2+ 21.Kh1 Bc5 22.Rf1 Nxh2
23.Qg3 Nxf1 24.Rxf1 Bxd5 25.exd5 Bd4 26.Bxd4 exd4 27.f5 Re8 28.f6 g6 29.Rf4 b5
30.Ne4 bxc4 31.Rh4 cxb3  0-1

[Event "III Open"]
[Site "Bajada de la Virgen ESP"]
[Date "2005.06.15"]
[Round "4"]
[White "Fernandez Garcia,Jo"]
[Black "Perez Felipe,M"]
[Result "1-0"]
[WhiteElo "2468"]
[BlackElo "2158"]

1.e4 c5 2.Nf3 d6 3.Bb5+ Bd7 4.Bxd7+ Qxd7 5.O-O Nc6 6.c3 Nf6 7.Re1 e5 8.d4 Qg4
9.dxe5 dxe5 10.Na3 Rd8 11.Qb3 Qc8 12.Bg5 Be7 13.Nc4 Qb8 14.Ne3 h6 15.Bxf6 Bxf6
16.Nd5 Be7 17.Rad1 O-O 18.Qb5 Bd6 19.Nh4 g6 20.g3 Qc8 21.Ng2 Kg7 22.Nge3 b6
23.Rd2 Bb8 24.Red1 Qe6 25.Qe2 Kh7 26.h4 f5 27.h5 f4 28.hxg6+ Qxg6 29.Nf5 fxg3
30.fxg3 Rde8 31.Qg2 Rf7 32.Qh3  1-0

[Event "6th ch-EURw"]
[Site "Chisinau MDA"]
[Date "2005.06.15"]
[Round "5"]
[White "Ionescu,I"]
[Black "Pogonina,N"]
[Result "1/2-1/2"]
[WhiteElo "2252"]
[BlackElo "2355"]

1.e4 c5 2.Nf3 d6 3.Bb5+ Bd7 4.Bxd7+ Qxd7 5.c4 Nc6 6.Nc3 Nf6 7.O-O g6 8.d4 cxd4
9.Nxd4 Bg7 10.Nde2 O-O 11.f3 a6 12.a4 Qc7 13.Rb1 e6 14.Kh1 Nd7 15.Be3 Nc5
16.b3 Rac8 17.Bf4 Ne5 18.Qd2 Ncd3 19.Be3 Nb4 20.Rfd1 Rfd8 21.Nf4 Nec6 22.Rbc1 Qa5
23.Qf2 Qe5 24.Nfe2 Qf6 25.Qg3 Qe7 26.Bg5 f6 27.Be3 Ne5 28.Bb6 Rd7 29.f4 Nf7
30.Rd2 f5 31.Rcd1 fxe4 32.Nxe4 d5 33.Qe3 Qe8 34.Bc5 a5 35.Bxb4 axb4 36.cxd5 exd5
37.Rxd5 Re7 38.N2g3 Rc3 39.R5d3 Nd6 40.Rxc3 Nxe4 41.Rcd3 Nc3 42.Qb6 Nxd1
43.Rxd1 Bc3 44.h3 Qf7 45.f5 Re1+ 46.Rxe1 Bxe1 47.Qd8+ Kg7 48.Qd4+ Kg8 49.Qd8+ Kg7
50.Qd4+ Kg8  1/2-1/2

[Event "6th ch-EURw"]
[Site "Chisinau MDA"]
[Date "2005.06.15"]
[Round "5"]
[White "Sebag,M"]
[Black "Tsereteli,T"]
[Result "1/2-1/2"]
[WhiteElo "2417"]
[BlackElo "2273"]

1.e4 c5 2.Nf3 d6 3.Bb5+ Bd7 4.Bxd7+ Qxd7 5.O-O Nf6 6.e5 dxe5 7.Nxe5 Qc7 8.d4 e6
9.Bf4 Bd6 10.Na3 Bxe5 11.dxe5 a6 12.exf6 Qxf4 13.fxg7 Rg8 14.Qd3 Rxg7 15.Rad1 Nc6
16.Qd7+ Kf8 17.g3 Rb8 18.Rd3 Kg8 19.Qd6 Qxd6 20.Rxd6 Rd8 21.Rxd8+ Nxd8 22.Rd1 Nc6
23.Nc4 f5 24.Rd6 Re7 25.Nb6 Ne5 26.Rd8+ Kf7 27.f4 Nc6 28.Rd1 Nb8 29.Kf2 Re8
30.Rd3 Re7 31.a4 Ke8 32.Rd6 Kf7 33.Ke3 Re8 34.Rd3 Ke7 35.Rc3 Kd6 36.Nc4+ Kc7
37.Ne5 b6 38.a5 Rd8 39.axb6+ Kxb6 40.Rb3+ Kc7 41.Rc3 Kb6 42.Rd3 Rd5 43.c4 Rxd3+
44.Kxd3 Kc7 45.Nf7 h5 46.Kc3 Nc6 47.Ng5 Kd6 48.Nf3 e5 49.fxe5+ Nxe5 50.Nh4 Ke6
51.Ng2 Ng6 52.Kd2 Kd6 53.b3 Ne5 54.Nh4 Ke6 55.h3 Nc6 56.Ng6 Nd4 57.Nf4+ Ke5
58.Nxh5 Nxb3+ 59.Kc3 Nd4 60.Nf4 a5 61.h4 Kf6 62.Kb2 Nf3 63.Nd5+ Kg6 64.Ne3 Nd4
65.Ka3 Ne2 66.Nf1 Nc3 67.Kb3 Ne4 68.Ka4 Nd6 69.Kxa5 Nxc4+ 70.Kb5 Nd6+ 71.Kxc5 Ne4+
72.Kd4 Kh5 73.Ke5 Nxg3  1/2-1/2

[Event "PanAmY U16B"]
[Site "Balneario Camboriu BRA"]
[Date "2005.06.16"]
[Round "8"]
[White "Gomez,Gu"]
[Black "Vera,IJ"]
[Result "1/2-1/2"]
[WhiteElo "1981"]
[BlackElo "2238"]

1.e4 c5 2.Nf3 d6 3.Bb5+ Bd7 4.Bxd7+ Qxd7 5.c4 Nc6 6.Nc3 e6 7.d4 cxd4 8.Nxd4 Nf6
9.O-O Be7 10.Be3 O-O 11.f3 a6 12.Rc1 Nxd4 13.Bxd4 Rac8 14.b3 Rc6 15.Qd2 Rfc8
16.a4 Ne8 17.a5 Bf6 18.Bf2 Qe7 19.Na4 e5 20.Be3 h6 21.Rfd1 Bg5 22.Bxg5 hxg5
23.Rc3 f6 24.Rd3 Qe6 25.h3 R8c7 26.Rd5 g6 27.Nb6 Rc5 28.Na8 R7c6 29.Nb6 Qf7
30.b4 Rxd5 31.exd5 Rc7 32.c5 Qe7 33.c6 Kg7 34.cxb7 Rxb7 35.Qd3 Nc7 36.Qc4 Nb5
37.Qc8 f5 38.Rc1 Rc7 39.Rxc7 Qxc7 40.Qxa6 Qc1+ 41.Kh2 Qf4+ 42.Kh1 Qxb4 43.Qb7+ Kh6
44.Qe7 Qe1+ 45.Kh2 g4 46.h4 gxf3 47.Qg5+  1/2-1/2

[Event "6th ch-EURw"]
[Site "Chisinau MDA"]
[Date "2005.06.16"]
[Round "6"]
[White "Klinova,M"]
[Black "Charochkina,D"]
[Result "1/2-1/2"]
[WhiteElo "2391"]
[BlackElo "2183"]

1.e4 c5 2.Nf3 d6 3.Bb5+ Nc6 4.O-O Bd7 5.Re1 Nf6 6.c3 a6 7.Bf1 Bg4 8.d3 e6
9.Nbd2 Nd7 10.a3 Be7 11.b4 Bf6 12.Qb3 b6 13.Bb2 e5 14.d4 cxd4 15.cxd4 exd4
16.Rac1 Be6 17.Qd1 Nde5 18.Nxd4 Nxd4 19.Bxd4 O-O 20.Nc4 Bxc4 21.Bxc4 b5 22.Bd5 Rc8
23.Rxc8 Qxc8 24.h3 Rd8 25.Qb3 Rd7 26.Rd1 Rc7 27.f4 Ng6 28.Bxf6 gxf6 29.Rf1 Rc3
30.Bxf7+ Kg7 31.Qd5 Ne7 32.Qh5 Rc1 33.Be8 Qc4 34.Qf3 Rxf1+ 35.Qxf1 Qxe4 36.Qf2 d5
37.Bh5 d4 38.Qe2 f5 39.Bf3 Qb1+ 40.Kh2 Ng6 41.Qe6 Qd3 42.h4 Qc4 43.Qd7+ Kh6
44.Qxf5 d3 45.Kg3 Qc3 46.Qg5+ Kg7 47.h5 d2 48.Kh2 Qxf3 49.gxf3 d1=Q 50.hxg6 hxg6
51.Qe5+ Kh7 52.Qe3 Qd6 53.Kg3 Qd1 54.Qe7+ Kh6 55.Qf8+ Kh7 56.Qe7+ Kh6 57.Qe3 Kh7
58.Kf2 Qc2+ 59.Qe2 Qc3 60.Qe3 Qc4 61.Kg3  1/2-1/2